000 00736nas a2200253 4500
001 BR9505702
003 BR-BrBNA
005 20231205094438.0
007 ta
008 230509b bl.|||p| |||| 00| 00por d
040 _aBR-BrBNA
_bpor
_cBiblioteca Nacional de Agricultura
041 _a(Pt)
072 _aF60
100 1 _aFe, J. de A.M.
100 1 _aHolanda, L.F.F. de
100 1 _aMartins, C.B.
100 1 _aMaia, G.A.
245 1 _aCaracteristicas quimicas do hipocarpo do caju (Anacardium occidentale, L.)
650 _aCaju
650 _aComposicao Quimica
773 0 _tCiencia Agronomica (Brazil)
_x
_g(Dec 1972), v. 2(2) p. 103-108
_wBR9505702
909 _a202311
_bLúcia
_c55
_dLúcia Elande
942 _2AGRIS
_n0
_cANA
999 _c144368
_d144368